[Event "RUS-chT2"]
[Site "Podolsk"]
[Date "1993.??.??"]
[Round "?"]
[White "Vekshenkov, Nikolai"]
[Black "Zarubin, Pavel"]
[Result "1-0"]
[WhiteElo "2360"]
[BlackElo "2415"]
[PlyCount "143"]
[EventDate "1993.??.??"]
[EventType "team"]
[EventRounds "9"]
[EventCountry "RUS"]
[SourceTitle "TD"]
[Source "ChessBase"]
[SourceDate "1994.03.01"]
[SourceVersion "1"]
[SourceVersionDate "1994.03.01"]
[SourceQuality "1"]

1. c4 e6 2. g3 d5 3. Bg2 c6 4. Qc2 Bd6 5. d4 f5 6. Nh3 Ne7 7. Bf4 Ng6 8. Bxd6 Qxd6 9. Nd2 0-0 10. e3 Nd7 11. 0-0 Nf6 12. Nf4 Nxf4 13. exf4 b6 14. Rac1 Bd7 15. Nf3 Rac8 16. c5 Qb8 17. Ne5 Rc7 18. Rfe1 Re8 19. Re3 bxc5 20. dxc5 Rb7 21. b3 Qc7 22. Rce1 Rbb8 23. Bf1 Re7 24. Bd3 Rbe8 25. Qc3 Bc8 26. h3 Rd8 27. Qd4 Ree8 28. b4 Ne4 29. Kg2 Nf6 30. Bf1 Nd7 31. Nf3 Nf8 32. a4 a6 33. Bd3 g6 34. h4 Re7 35. h5 Rde8 36. Ne5 gxh5 37. Rh1 Ng6 38. Rxh5 Rg7 39. Rh1 Rf8 40. Kf3 Nxe5+ 41. Rxe5 Qa7 42. Ree1 Qb8 43. Rh6 Rff7 44. Reh1 Re7 45. Kg2 Ref7 46. Re1 Re7 47. Rhh1 Ref7 48. Rb1 Rf8 49. Rhe1 Qc7 50. Kf3 Qa7 51. Kg2 Bd7 52. Rec1 Bc8 53. Qe5 Qd7 54. Rh1 Qe7 55. Rhc1 Qd7 56. Kf3 Rd8 57. Ke3 Qa7 58. Kd4 Qb7 59. Rh1 Rf8 60. Rh6 Bd7 61. Be2 Bc8 62. Qd6 Re8 63. Qe5 Bd7 64. Kc3 Qa7 65. Kd4 Bc8 66. Rh5 Rf8 67. Rbh1 Qb7 68. Kc3 Bd7 69. Qxg7+ Kxg7 70. Rxh7+ Kg8 71. Rh8+ Kf7 72. R1h7+ 1-0